Absolute monarchies - Statistics

General Stats
  • This quiz has been taken 40 times
  • The average score is 5 of 7
Answer Stats
Answer % Correct
Saudi arabia
90%
Oman
87%
Qatar
87%
Brunei
84%
Swaziland
84%
Vatican City
58%
United Arab Emirates
35%
No matching quizzes found
Score Distribution
Percent of People with Each Score
Percentile by Number Answered
Your Score History
You have not taken this quiz